• 首页
  • 本馆介绍
  • 公告通知
  • 最新文献
  • 馆藏检索
  • 电子资源
  • 读者导购
  • 参考咨询
  • 我的图书馆
  • 登录
  • 详细信息显示
  • 放入我的书架
  • 预约/预借图书
  • 作者相关作品
  • 分类相关作品
  • 丛书相关作品
  • 出版社相关作品

书目信息

  • 表格格式
  • 工作单格式
  • 卡片格式
题名:
中国古代农业
    
 
作者: 柏芸 编著
分册:  
出版信息: 北京   中国商业出版社  2015
页数: 182页
开本: 23cm
丛书名: 中国传统民俗文化
单 册:
中图分类: S-092.2
科图分类:
主题词: 农业史--nong ye shi--中国--古代
电子资源:
ISBN: 978-7-5044-8554-0
000 00930nam0 22002531 450
001 0109172450
005 20170310083604.93
010    @a978-7-5044-8554-0@dCNY25.00
100    @a20160121d2015 em y0chiy50 ea
101 0  @achi
102    @aCN@b110000
105    @aa z 000yy
106    @ar
200 1  @a中国古代农业@9zhong guo gu dai nong ye@f柏芸编著
210    @a北京@c中国商业出版社@d2015
215    @a182页@c图@d23cm
225 2  @a中国传统民俗文化@9zhong guo chuan tong min su wen hua@i科技系列@f傅璇琮主编
330    @a本书勾画出我国传统农业的发展线索和传统农学的独特体系。具体包括独树一帜的中国古代农业、日新月异的农业科技、规模宏大的古代农田水利工程、与时俱进的古代农学等。
461  0 @12001 @a中国传统民俗文化@i科技系列@f傅璇琮主编
606 0  @a农业史@9nong ye shi@y中国@z古代
690    @aS-092.2@v5
701  0 @a柏芸@9bai yun@4编著
801  0 @aCN@bTANGWEI@c20170308
905    @b0953808-11@dS-092.2@e50@f4
    
    中国古代农业/柏芸编著.-北京:中国商业出版社,2015
    182页:图;23cm.-(中国传统民俗文化.科技系列/傅璇琮主编)
    
    
    ISBN 978-7-5044-8554-0:CNY25.00
    本书勾画出我国传统农业的发展线索和传统农学的独特体系。具体包括独树一帜的中国古代农业、日新月异的农业科技、规模宏大的古代农田水利工程、与时俱进的古代农学等。
●
相关链接 在E读中查询图书 在五车中查询图书 在当当中查询图书 在豆瓣中查询图书


正题名:中国古代农业     索取号:S-092.2/50         预约/预借

序号 登录号 条形码 馆藏地/架位号 状态 备注
1 0953808   209538080   第二样本阅览室/ [索取号:S-092.2/50] 在馆    
2 0953809   209538099   第三借阅区/ [索取号:S-092.2/50] 在馆    
3 0953810   209538106   第三借阅区/ [索取号:S-092.2/50] 在馆    
4 0953811   209538115   第三借阅区/ [索取号:S-092.2/50] 在馆    
唐山师范学院图书馆 欢迎您!
大连网信软件有限公司© 版权所有